Scientific papers (Record no. 1167)

MARC details
000 -LEADER
fixed length control field 00615nam a2200181Ia 4500
003 - CONTROL NUMBER IDENTIFIER
control field IN-BaIIA
008 - FIXED-LENGTH DATA ELEMENTS--GENERAL INFORMATION
fixed length control field 211028s9999 xx 000 0 eng d
040 ## - CATALOGING SOURCE
Transcribing agency IIA Library
080 ## - UNIVERSAL DECIMAL CLASSIFICATION NUMBER
Universal Decimal Classification number 81.53
Item number STR-5
100 ## - MAIN ENTRY--PERSONAL NAME
Personal name Strutt, John William
9 (RLIN) 2444
245 #0 - TITLE STATEMENT
Title Scientific papers
Remainder of title vol. 6, 1911-1919
Statement of responsibility, etc. John William Strutt
260 ## - PUBLICATION, DISTRIBUTION, ETC.
Place of publication, distribution, etc. Cambridge
Name of publisher, distributor, etc. Cambridge University Press
Date of publication, distribution, etc. 1920
300 ## - PHYSICAL DESCRIPTION
Extent xvi, 718p.
650 ## - SUBJECT ADDED ENTRY--TOPICAL TERM
Topical term or geographic name entry element Astronomy and Astrophysics thesaurus
650 ## - SUBJECT ADDED ENTRY--TOPICAL TERM
Topical term or geographic name entry element Collected works-John William Strutt
9 (RLIN) 2445
650 ## - SUBJECT ADDED ENTRY--TOPICAL TERM
Topical term or geographic name entry element John William Strutt collected works
9 (RLIN) 2446
942 ## - ADDED ENTRY ELEMENTS (KOHA)
Koha item type Books
Holdings
Withdrawn status Lost status Damaged status Not for loan Home library Current library Shelving location Date acquired Total Checkouts Full call number Barcode Date last seen Price effective from Koha item type
        IIA Library-Bangalore IIA Library-Bangalore General Stacks     081.53/ STR-5 1228 05/11/2021   Books

Powered by Koha